000 00870nas a2200277 4500
001 BR0200281
003 BR-BrBNA
005 20231205102611.0
007 ta
008 230509b bl.|||p| |||| 00| 00por d
040 _aBR-BrBNA
_bpor
_cBiblioteca Nacional de Agricultura
041 _a(Pt)
072 _aT01
100 1 _aRibeiro-Filho, M.R.
100 1 _aSiqueira, J.O.
100 1 _aCuri, N.
100 1 _aSimao, J.B.P.
245 1 _aFracionamento e biodisponibilidade de metais pesados em solo contaminado, incubado com materiais organicos e inorganicos
650 _aSolo
650 _aPoluicao
650 _aAnalise do Solo
650 _aMetal Pesado
773 0 _tRevista Brasileira de Ciencia do Solo (Brazil)
_xISSN 0100-0683
_g(Apr-Jun 2001), v. 25(2) p. 495-507
_wBR0200281
909 _a202311
_bLúcia
_c55
_dLúcia Elande
942 _2AGRIS
_n0
_cANA
999 _c168379
_d168379